Score 0/33 Timer 02:00
1 Play Today
President Party % Correct
Barack Obama???
91%
George H. W. Bush???
90%
Bill Clinton???
89.9%
George W. Bush???
89.9%
Ronald Reagan???
88.6%
Donald Trump???
88.1%
John F. Kennedy???
88%
Richard Nixon???
84.9%
Jimmy Carter???
83.9%
Franklin D. Roosevelt???
81.9%
Lyndon B. Johnson???
79.9%
Abraham Lincoln???
79.3%
Gerald Ford???
75.7%
Dwight D. Eisenhower???
74.5%
Harry S. Truman???
73%
Ulysses S. Grant???
72.8%
Woodrow Wilson???
70.5%
President Party % Correct
Herbert Hoover???
68.1%
William Howard Taft???
66.4%
Warren G. Harding???
64.7%
William McKinley???
64.3%
Andrew Jackson???
63.8%
Theodore Roosevelt???
63%
Rutherford B. Hayes???
62.6%
Calvin Coolidge???
61.9%
James A. Garfield???
60%
Chester A. Arthur???
59.1%
Martin Van Buren???
59%
Franklin Pierce???
57.8%
James K. Polk???
57.3%
James Buchanan???
56.4%
Benjamin Harrison???
56.4%
Grover Cleveland???
52.4%
Remove Ads.
Support Sporcle.
Get the best of Sporcle when you Go Orange. This ad-free experience offers more features, more stats, and more fun while also helping to support Sporcle. Thank you for becoming a member.

You're not logged in!

Compare scores with friends on all Sporcle quizzes.
OR
Log In

Sporcle TV

Today on Sporcle TV


Watch our educational content, quiz creation guides, and fun videos on Sporcle TV.

Show Comments

Extras

Top Quizzes Today


Score Distribution

Paid Content

Your Account Isn't Verified!

In order to create a playlist on Sporcle, you need to verify the email address you used during registration. Go to your Sporcle Settings to finish the process.

Report this User

Report this user for behavior that violates our Community Guidelines.

Details: